000 00880nam a2200277 a 4500
005 20200104041529.0
008 140304b1996 cl ||||| |||| 00| 0 spa d
040 _aCO-BoIAVH
_cCO-BoIAVH
041 _aspa
044 _acl
090 _aLB
_b02042
100 _aVogel, Joseph Henry
_915007
245 _aUso exitoso de instrumentos económicos para fomentar el uso sustentable de la biodiversidad
_bseis estudios de caso de América Latina y el Caribe
260 _aSanta Cruz
_c1996
_bs.e.
300 _a46
650 _aUso sostenible
_9344
650 _aIncentivos económicos
_942043
650 _aUso de biodiversidad
_9343
650 _aEcoturísmo
_942044
650 _aServicios ambientales
_942045
650 _aAgricultura sostenible
_9210
650 _aBioprospección
_942047
662 _cAmérica Latina
662 _cIslas del Caribe
942 _cINFORME
_2z
999 _c2219
_d2219